| 000 | 00473cam a2200181ua 4500 | ||
|---|---|---|---|
| 020 | _cRs 1.00 | ||
| 041 |
_amal _h |
||
| 082 |
_a894.812 2 _bPOO/MA |
||
| 100 | _aPoornamodan, Cholayil . | ||
| 245 |
_aManushyan Manushyananu / _cCholayil Poornamodan. _hTextual Documents |
||
| 260 |
_aKodungallur : _bAjantha Publications , _c1956. |
||
| 300 | _a111 ; . | ||
| 365 | _aRs 1.00 | ||
| 504 | _a | ||
| 650 | _aDrama - Malayalam | ||
| 942 | _cBK | ||
| 999 |
_c467 _d467 |
||